000 01040cam a22003497a 4500
001 13512658
003 OSt
005 20140310184519.0
008 040305s2003 nyu j 000 1 eng d
010 _a 2004540574
020 _a0439551234
020 _a9780439551236
035 _a(OCoLC)ocm52498186
040 _aOWL
_cOWL
_dOCLCQ
_dLEO
_dDLC
042 _alccopycat
050 0 0 _aPZ 7
_b.N647Mi 2003
082 _aFIC
_bN65e 2003
100 1 _aNix, Garth.
_919379
245 1 0 _aMister monday /
_cGarth Nix.
260 _aNew York :
_bScholastic,
_cc2003.
300 _a361 p. ;
_c20 cm.
440 _aThe keys to the kingdom
_920933
521 _aG6
526 _c800
650 _aFiction.
_9746
800 1 _aNix, Garth.
_tKeys to the kingdom ;
_vbk. 1.
_920934
856 4 2 _3Publisher description
_uhttp://www.loc.gov/catdir/description/schol051/2004540574.html
906 _a7
_bcbc
_ccopycat
_d2
_encip
_f20
_gy-gencatlg
942 _2lcc
_cBK-SCHOLAS
999 _c34993
_d34993